REVIEW OF MEDICAL MICROBIOLOGY & IMMUNOLOGY (Record no. 25332)

MARC details
000 -LEADER
fixed length control field 00429nam a22001697a 4500
003 - CONTROL NUMBER IDENTIFIER
control field SGT
020 ## - INTERNATIONAL STANDARD BOOK NUMBER
International Standard Book Number 9781264598236
082 ## - DEWEY DECIMAL CLASSIFICATION NUMBER
Classification number 616.01
Item number R22L
100 ## - MAIN ENTRY--PERSONAL NAME
Personal name LEVINSON, WARREN
245 ## - TITLE STATEMENT
Title REVIEW OF MEDICAL MICROBIOLOGY & IMMUNOLOGY
250 ## - EDITION STATEMENT
Edition statement 8TH
260 ## - PUBLICATION, DISTRIBUTION, ETC. (IMPRINT)
Place of publication, distribution, etc NEW YORK
Name of publisher, distributor, etc MCGRAW HILL PUB
Year of Publication 2022
300 ## - PAGE DESCRIPTION
No. of Pages 836
650 ## - SUBJECT ADDED ENTRY--TOPICAL TERM
Topical term or geographic name as entry element MICROBIOLOGY
653 ## - KEYWORDS--INDEX TERM
Keyword term REVIEW OF MEDICAL MICROBIOLOGY & IMMUNOLOGY
942 ## - ADDED ENTRY ELEMENTS (KOHA)
Source of classification or shelving scheme Dewey Decimal Classification
Koha item type Books
Holdings
Withdrawn status Lost status Source of classification or shelving scheme Damaged status Not for loan Collection code Home library Current library Shelving location Date acquired Vendor Name Cost, normal purchase price SGTU Bill Number Total Checkouts Full call number Accession No. (Barcode) Date last seen Bill Date Koha item type
    Dewey Decimal Classification   Not For Loan MEDICAL SGT Medical Library SGT Medical Library Reference Book 30/11/2023 ABC DELHI 2732.00 SGTU 17259   616.01 R22L FM14107 30/11/2023 18/08/2023 Books